[Event "17. Europa ch Juvenil - Femenino s18"]
[Site "Sibenik CRO"]
[Date "2007.09.23"]
[Round "9.19"]
[White "Misovic, Sanja"]
[Black "Yildiz, Betul Cemre"]
[Result "0-1"]
[WhiteElo "1872"]
[BlackElo "2217"]
[PlyCount "76"]
[EventDate "2007.09.14"]
[EventType "swiss"]
[EventRounds "9"]
[EventCountry "CRO"]
[Source "lmi"]
[SourceDate "2007.09.14"]

1. d4 Nf6 2. c4 e6 3. Nf3 a6 4. Nc3 c5 5. d5 exd5 6. Nxd5 Nxd5 7. Qxd5 Be7 8.
g3 O-O 9. Bg2 Nc6 10. O-O d6 11. a3 Be6 12. Qd3 d5 13. cxd5 Qxd5 14. Qxd5 Bxd5
15. Rd1 Rad8 16. Bf4 Bb3 17. Rxd8 Rxd8 18. Ne5 Na5 19. Nxf7 Kxf7 20. Bc7 Nc6
21. Bxd8 Nxd8 22. e4 Bf6 23. Re1 Bd4 24. e5 a5 25. Kh1 a4 26. Re2 Nc6 27. Bxc6
bxc6 28. h4 c4 29. f4 c3 30. bxc3 Bc5 31. f5 Bxa3 32. Rd2 Ke7 33. e6 Bd6 34. g4
a3 35. Re2 a2 36. Re1 Bg3 37. Rc1 Be5 38. Kg2 Bxc3 0-1

[Event "17. Europa ch Juvenil - Femenino s18"]
[Site "Sibenik CRO"]
[Date "2007.09.23"]
[Round "9.20"]
[White "Chierici, Marianna"]
[Black "Nadvesnik, Maja"]
[Result "1-0"]
[WhiteElo "2004"]
[BlackElo "1791"]
[PlyCount "71"]
[EventDate "2007.09.14"]
[EventType "swiss"]
[EventRounds "9"]
[EventCountry "CRO"]
[Source "lmi"]
[SourceDate "2007.09.14"]

1. e4 e5 2. Nf3 Nc6 3. Bc4 Nf6 4. d3 Be7 5. O-O O-O 6. Nc3 d6 7. h3 Na5 8. Be3
Nxc4 9. dxc4 b6 10. Qd3 Nh5 11. Rad1 Kh8 12. Qe2 Qe8 13. Nxe5 f5 14. Nd3 f4 15.
Bc1 f3 16. gxf3 Bxh3 17. Kh2 Bxf1 18. Rxf1 Nf6 19. Nf4 Qd7 20. Rg1 Rf7 21. Nh3
Ng8 22. f4 Bf6 23. Nd5 c6 24. Ne3 Raf8 25. Rd1 Qe6 26. Nf5 Be7 27. Nd4 Qc8 28.
b3 a6 29. a4 c5 30. Nf3 Re8 31. Ne1 Bf8 32. Ng5 Rf6 33. Qh5 Nh6 34. f3 Be7 35.
Bb2 Rff8 36. Qxh6 1-0

[Event "17. Europa ch Juvenil - Femenino s18"]
[Site "Sibenik CRO"]
[Date "2007.09.23"]
[Round "9.21"]
[White "Naydenova, Yordanka"]
[Black "Bogdan, Elizaveta"]
[Result "1-0"]
[WhiteElo "1749"]
[BlackElo "1880"]
[PlyCount "79"]
[EventDate "2007.09.14"]
[EventType "swiss"]
[EventRounds "9"]
[EventCountry "CRO"]
[Source "lmi"]
[SourceDate "2007.09.14"]

1. e4 e5 2. Nf3 Nc6 3. d3 h6 4. g3 Nf6 5. Bg2 Bc5 6. c3 O-O 7. O-O Bb6 8. Nbd2
d6 9. h3 Ne7 10. Nc4 Ng6 11. Be3 Be6 12. Bxb6 axb6 13. b3 Ne8 14. Ne3 Qc8 15.
Kh2 c6 16. d4 Nf6 17. d5 Bd7 18. Nc4 cxd5 19. Nxb6 Qxc3 20. Nxa8 dxe4 21. Nd2
Rxa8 22. Nxe4 Nxe4 23. Bxe4 Qb4 24. Qf3 Rb8 25. Qd3 Ne7 26. Rfd1 d5 27. Bxd5
Nxd5 28. Qxd5 Bc6 29. Qxe5 Re8 30. Qd4 Qb5 31. Rac1 Qf5 32. Rxc6 bxc6 33. Kg2
Re2 34. a4 c5 35. Qf4 Qc2 36. Rd8+ Kh7 37. a5 Qxb3 38. Qf5+ g6 39. Qf6 Qb7+ 40.
Kh2 1-0

[Event "17. Europa ch Juvenil - Femenino s18"]
[Site "Sibenik CRO"]
[Date "2007.09.23"]
[Round "9.22"]
[White "Ivekovic, Ivana"]
[Black "Tonel, Giulia"]
[Result "0-1"]
[WhiteElo "1918"]
[BlackElo "1934"]
[PlyCount "79"]
[EventDate "2007.09.14"]
[EventType "swiss"]
[EventRounds "9"]
[EventCountry "CRO"]
[Source "lmi"]
[SourceDate "2007.09.14"]

1. d4 d5 2. Nf3 Nf6 3. c4 e6 4. g3 dxc4 5. Qa4+ Nbd7 6. Qxc4 a6 7. Bg2 b5 8.
Qc2 Bb7 9. O-O c5 10. dxc5 Bxc5 11. e3 O-O 12. a3 Rc8 13. Qe2 e5 14. Nc3 e4 15.
Nd4 Ne5 16. Rd1 Qe7 17. Bd2 Rfd8 18. Be1 Bb6 19. Na2 Nc4 20. Bh3 Rb8 21. Bb4
Qe5 22. Bc3 Qg5 23. Nb4 Ne5 24. Bg2 Re8 25. Nbc2 h5 26. h4 Qg6 27. Bh3 Nf3+ 28.
Kh1 Bc7 29. Bf5 Qh6 30. Ne1 g5 31. Ndxf3 exf3 32. Qf1 gxh4 33. gxh4 Rxe3 34.
fxe3 f2+ 35. Ng2 Qxe3 36. Bxf6 Qg3 37. Bh7+ Kf8 38. Be7+ Kxe7 39. Rd7+ Kf8 40.
Rxc7 0-1

[Event "17. Europa ch Juvenil - Femenino s18"]
[Site "Sibenik CRO"]
[Date "2007.09.23"]
[Round "9.23"]
[White "Juciute, Einora"]
[Black "Vasile, Teodora"]
[Result "0-1"]
[WhiteElo "1758"]
[BlackElo "1922"]
[PlyCount "104"]
[EventDate "2007.09.14"]
[EventType "swiss"]
[EventRounds "9"]
[EventCountry "CRO"]
[Source "lmi"]
[SourceDate "2007.09.14"]

1. e4 d6 2. Nc3 g6 3. d4 Bg7 4. Be3 c6 5. f4 Nf6 6. Nf3 Ng4 7. Qd2 Qc7 8. Bd3
Nd7 9. Bg1 Nb6 10. h3 Nf6 11. Bf2 Bd7 12. O-O Nh5 13. a4 d5 14. Ne5 dxe4 15.
Nxe4 Bh6 16. Bh4 f6 17. Nxd7 Qxd7 18. Be2 O-O-O 19. Rad1 Ng7 20. Nxf6 exf6 21.
Bxf6 Nf5 22. Bxh8 Rxh8 23. Bg4 Kb8 24. Qa5 Nd5 25. Rf3 b6 26. Qd2 Qd6 27. Bxf5
gxf5 28. Rdf1 Re8 29. Re1 Re4 30. a5 Nxf4 31. Qd1 bxa5 32. Rb3+ Kc7 33. c3 Qg6
34. g4 Nxh3+ 35. Kh2 Nf2 36. Qa1 Nxg4+ 37. Kg3 Nh2+ 38. Kf2 Ng4+ 39. Kf3 Rf4+
40. Ke2 Rf2+ 41. Kd1 Rd2+ 42. Kc1 Rxd4+ 43. Kb1 f4+ 44. Ka2 Ra4+ 45. Ra3 Rxa3+
46. Kxa3 Ne3 47. Re2 Bf8+ 48. Ka2 Qe6+ 49. b3 a4 50. c4 axb3+ 51. Kb1 Qg6+ 52.
Kc1 Qg1+ 0-1

[Event "17. Europa ch Juvenil - Femenino s18"]
[Site "Sibenik CRO"]
[Date "2007.09.23"]
[Round "9.24"]
[White "Knaperekova, Emilia"]
[Black "Yelmarova, Natavan"]
[Result "0-1"]
[WhiteElo "1946"]
[BlackElo "1850"]
[PlyCount "124"]
[EventDate "2007.09.14"]
[EventType "swiss"]
[EventRounds "9"]
[EventCountry "CRO"]
[Source "lmi"]
[SourceDate "2007.09.14"]

1. f4 d5 2. e3 c5 3. d4 e6 4. c3 Nf6 5. Bd3 g6 6. Nf3 c4 7. Bc2 Bg7 8. O-O O-O
9. Ne5 b5 10. Nd2 a5 11. e4 Nfd7 12. Ndf3 f6 13. Nxd7 Bxd7 14. e5 f5 15. Kh1 b4
16. Rg1 h6 17. g4 Rf7 18. Qe1 Kh7 19. gxf5 gxf5 20. Qg3 Qe7 21. Ng5+ hxg5 22.
fxg5 Kg6 23. Bd1 Rf8 24. Bh5+ Kh7 25. Qh3 Kg8 26. Bg6 Bh8 27. Bh5 Ba4 28. g6
Bc2 29. Bf3 f4 30. Qg2 Bd3 31. Bxd5 Ra7 32. Bf3 Qh4 33. Bd2 Rf5 34. Be1 Qe7 35.
h4 Bg7 36. h5 Bh6 37. Qh3 Rf8 38. Bh4 Qd7 39. Bf6 Nc6 40. Bg5 Bf5 41. Qh4 Bxg5
42. Rxg5 Ne7 43. Rag1 Bd3 44. h6 Rb8 45. h7+ Kg7 46. Qxf4 Nf5 47. Rh5 bxc3 48.
bxc3 Ra6 49. Bg4 Qd5+ 50. Kh2 Rb2+ 51. Kh3 Ra8 52. Bxf5 Bxf5+ 53. Rxf5 exf5 54.
Qxf5 Rb6 55. Kh4 Qe6 56. Qe4 Rf8 57. d5 Qe7+ 58. Kh3 Rb2 59. e6 Qf6 60. e7 Re8
61. h8=Q+ Rxh8+ 62. Kg4 Rh4+ 0-1

[Event "17. Europa ch Juvenil - Femenino s18"]
[Site "Sibenik CRO"]
[Date "2007.09.23"]
[Round "9.25"]
[White "Martin, Katie A"]
[Black "Vartic, Irina"]
[Result "1/2-1/2"]
[WhiteElo "1928"]
[BlackElo "1921"]
[PlyCount "35"]
[EventDate "2007.09.14"]
[EventType "swiss"]
[EventRounds "9"]
[EventCountry "CRO"]
[Source "lmi"]
[SourceDate "2007.09.14"]

1. e4 e5 2. Nf3 Nc6 3. Bb5 a6 4. Ba4 Nf6 5. Qe2 b5 6. Bb3 Bc5 7. c3 O-O 8. d3
h6 9. O-O d6 10. Rd1 Re8 11. h3 Bb6 12. Nbd2 Ne7 13. a4 Bd7 14. Nf1 Ng6 15. Be3
Bxe3 16. fxe3 Be6 17. Bxe6 fxe6 18. Ng3 1/2-1/2

[Event "17. Europa ch Juvenil - Femenino s18"]
[Site "Sibenik CRO"]
[Date "2007.09.23"]
[Round "9.26"]
[White "Kahancova, Ivana"]
[Black "Cucarella Montell, Angels"]
[Result "1/2-1/2"]
[WhiteElo "1634"]
[BlackElo "1921"]
[PlyCount "75"]
[EventDate "2007.09.14"]
[EventType "swiss"]
[EventRounds "9"]
[EventCountry "CRO"]
[Source "lmi"]
[SourceDate "2007.09.14"]

1. e4 c5 2. Nf3 e6 3. d4 cxd4 4. Nxd4 Nc6 5. Nxc6 bxc6 6. Bd3 Nf6 7. O-O d5 8.
Nd2 Be7 9. c4 O-O 10. Qc2 g6 11. b3 Re8 12. Bb2 Bf8 13. exd5 exd5 14. cxd5 cxd5
15. Qc6 Be6 16. Qc3 Bg7 17. Nf3 Rc8 18. Qd2 Qb6 19. Bd4 Qb8 20. Rfc1 Bg4 21.
Nh4 Ne4 22. Bxe4 Rxc1+ 23. Rxc1 dxe4 24. Bxg7 Kxg7 25. f3 Qb6+ 26. Kh1 Qf6 27.
fxg4 Qxh4 28. Qd4+ Kg8 29. Qxa7 e3 30. Qa5 Rd8 31. Qe1 Qxg4 32. Qxe3 Rd1+ 33.
Rxd1 Qxd1+ 34. Qg1 Qc2 35. Qa1 Qe4 36. a3 Qc2 37. b4 Qa4 38. h3 1/2-1/2